| 000 | 00609nam a2200205 a 4500 | ||
|---|---|---|---|
| 003 | LC | ||
| 005 | 20160322154108.0 | ||
| 008 | 100918s19uu xx 00 eng d | ||
| 020 | _a9780439531658 | ||
| 050 |
_aPZ 7 _b.F96624In 2004 |
||
| 100 | _aFunke, Cornelia | ||
| 245 |
_aInkheart / _cCornelia Funke |
||
| 260 |
_aNew York : _bScholastic Inc, _c2004. |
||
| 300 |
_a563 p. : _c17 cm. |
||
| 650 | _aBooks and reading -- Juvenile fiction. | ||
| 650 | _a Characters and characteristics in literature -- Juvenile fiction. | ||
| 650 | _aMagic -- Juvenile fiction. | ||
| 942 |
_cBK _2lcc |
||
| 999 |
_c115505 _d115505 |
||